Harvard Business School confidential : (Record no. 58520)
[ view plain ]
| 000 -LEADER | |
|---|---|
| fixed length control field | 00883cam a2200241 a 4500 |
| 001 - CONTROL NUMBER | |
| control field | vtls003226530 |
| 003 - CONTROL NUMBER IDENTIFIER | |
| control field | MY-SjTCS |
| 005 - DATE AND TIME OF LATEST TRANSACTION | |
| control field | 20200306165855.0 |
| 008 - FIXED-LENGTH DATA ELEMENTS--GENERAL INFORMATION | |
| fixed length control field | 111114s2009 si a b 001 0 eng d |
| 020 ## - INTERNATIONAL STANDARD BOOK NUMBER | |
| International Standard Book Number | 9780470822395 (pbk.) |
| 020 ## - INTERNATIONAL STANDARD BOOK NUMBER | |
| International Standard Book Number | 0470822392 (pbk.) |
| 039 #9 - LEVEL OF BIBLIOGRAPHIC CONTROL AND CODING DETAIL [OBSOLETE] | |
| Level of rules in bibliographic description | 201202141910 |
| Level of effort used to assign nonsubject heading access points | shuhada |
| Level of effort used to assign subject headings | 201202141909 |
| Level of effort used to assign classification | shuhada |
| Level of effort used to assign subject headings | 201202141834 |
| Level of effort used to assign classification | shuhada |
| Level of effort used to assign subject headings | 201201301100 |
| Level of effort used to assign classification | malathy |
| -- | 201111141025 |
| -- | malathy |
| 043 ## - GEOGRAPHIC AREA CODE | |
| Geographic area code | n-us-ma |
| 082 04 - DEWEY DECIMAL CLASSIFICATION NUMBER | |
| Classification number | 650.0711744 |
| Item number | CHA 2009 |
| 100 1# - MAIN ENTRY--PERSONAL NAME | |
| Personal name | Chan, Emily. |
| 9 (RLIN) | 57720 |
| 245 10 - TITLE STATEMENT | |
| Title | Harvard Business School confidential : |
| Remainder of title | secrets of success / |
| Statement of responsibility, etc. | Emily Chan. |
| 260 ## - PUBLICATION, DISTRIBUTION, ETC. | |
| Place of publication, distribution, etc. | Singapore : |
| Name of publisher, distributor, etc. | John Wiley & Sons (Asia), |
| Date of publication, distribution, etc. | 2009. |
| 300 ## - PHYSICAL DESCRIPTION | |
| Extent | viii, 230 p. : |
| Other physical details | ill. ; |
| Dimensions | 23 cm. |
| 500 ## - GENERAL NOTE | |
| General note | Includes bibliographical references and index. |
| 610 20 - SUBJECT ADDED ENTRY--CORPORATE NAME | |
| Corporate name or jurisdiction name as entry element | Harvard Business School. |
| 9 (RLIN) | 274538 |
| 650 #0 - SUBJECT ADDED ENTRY--TOPICAL TERM | |
| Topical term or geographic name entry element | Business education |
| Geographic subdivision | Massachusetts. |
| 9 (RLIN) | 32598 |
| 920 ## - Programme | |
| Programme | GENLS : 176397 |
| Withdrawn status | Lost status | Source of classification or shelving scheme | Damaged status | Not for loan | Home library | Current library | Date acquired | Cost, normal purchase price | Total Checkouts | Barcode | Date last seen | Date last checked out | Copy number | Uniform Resource Identifier | Cost, replacement price | Koha item type | Public note |
|---|---|---|---|---|---|---|---|---|---|---|---|---|---|---|---|---|---|
| Dewey Decimal Classification | Taylor's Library-TU | Taylor's Library-TU | 29/11/2011 | 79.80 | 7 | 5000126094 | 05/12/2019 | 24/06/2013 | 1 | Floor 4, Shelf 22 , Side 1, TierNo 2, BayNo 3 | 79.80 | Main Collection | GENLS,GENLS,03,GR |